Extractos de "Estudios del Centro de Investigación Permanente de Derecho Financiero" del Seminario de Ciencias Jurídicas y Sociales. (Record no. 1663)

MARC details
000 -LEADER
fixed length control field 01325cas a22003251 4500
001 - CONTROL NUMBER
control field data
005 - DATE AND TIME OF LATEST TRANSACTION
control field 20260322212111.0
008 - FIXED-LENGTH DATA ELEMENTS--GENERAL INFORMATION
fixed length control field data
035 ## - SYSTEM CONTROL NUMBER
System control number 11141510
010 ## - LIBRARY OF CONGRESS CONTROL NUMBER
LC control number 43030771
035 ## - SYSTEM CONTROL NUMBER
System control number (OCoLC)2592733
040 ## - CATALOGING SOURCE
Original cataloging agency DLC
Language of cataloging eng
Transcribing agency DLC
Modifying agency OCLCQ
-- DLC
-- OCLCO
-- OCLCQ
-- OCLCF
-- OCLCQ
042 ## - AUTHENTICATION CODE
Authentication code pcc
050 00 - LIBRARY OF CONGRESS CALL NUMBER
Classification number HJ117
Item number .B8
110 2# - MAIN ENTRY--CORPORATE NAME
Corporate name or jurisdiction name as entry element Universidad de Buenos Aires.
Subordinate unit Centro de Investigación Permanente de Derecho Financiero.
245 10 - TITLE STATEMENT
Title Extractos de "Estudios del Centro de Investigación Permanente de Derecho Financiero" del Seminario de Ciencias Jurídicas y Sociales.
260 ## - PUBLICATION, DISTRIBUTION, ETC.
Place of publication, distribution, etc. Buenos Aires.
300 ## - PHYSICAL DESCRIPTION
Dimensions 24 cm
336 ## - CONTENT TYPE
Content type term text
Content type code txt
Source rdacontent
337 ## - MEDIA TYPE
Media type term unmediated
Media type code n
Source rdamedia
590 ## - LOCAL NOTE (RLIN)
Local note SERBIB/SERLOC merged record
650 #0 - SUBJECT ADDED ENTRY--TOPICAL TERM
Topical term or geographic name entry element Finance.
650 #7 - SUBJECT ADDED ENTRY--TOPICAL TERM
Topical term or geographic name entry element Finance.
Source of heading or term fast
Authority record control number or standard number (OCoLC)fst00924349
710 2# - ADDED ENTRY--CORPORATE NAME
Corporate name or jurisdiction name as entry element Universidad de Buenos Aires.
Subordinate unit Seminario de Ciencias Jurídicas y Sociales.
890 ## -
-- Buenos Aires. Universidad. Centro de Investigacion Permanente de Derecho Financiero. Extractos de "Estudios del Centro de Investigacion Permanente de Derecho Financiero" del Seminario de Ciencias Jurídicas y Sociales.
-- 43-30771
906 ## - LOCAL DATA ELEMENT F, LDF (RLIN)
a 7
b cbc
c serials
d 4
e ncip
f 19
g n-oclcserc
920 ## -
-- Keep 2
991 ## -
-- c-GenColl
-- HJ117
-- .B8
-- SERIALS
992 ## -
-- call x7-5305
-- SERLOC
Holdings
Withdrawn status Lost status Damaged status Not for loan Home library Current library Shelving location Date acquired Total checkouts Full call number Barcode Date last seen Price effective from Koha item type
        Springfield Springfield General stacks 22/03/2026   HJ117 LOC-SPL-00006 22/03/2026 22/03/2026 Books